Statistics for Best football (soccer) clubs by country

Click here to take the quiz!

General Stats

  • This quiz has been taken 5,158 times
    (2,408 since last reset)
  • The average score is 16 of 43

Answer Stats

Hint Answer % Correct
EnglandManchester United
83%
ItalyJuventus
81%
SpainReal Madrid
81%
GermanyBayern Munich
78%
NetherlandsAFC Ajax
75%
ArgentinaRiver Plate
70%
PortugalBenfica
69%
ScotlandGlasgow Rangers
64%
BelgiumAnderlecht
62%
FranceOlympique Marseille, Saint-Etienne
62%
TurkeyGalatasaray
57%
USA (MLS)Los Angeles Galaxy, DC United
54%
Czech RepublicSparta Prague
53%
CroatiaDinamo Zagreb
50%
DenmarkFC Copenhagen
47%
SwedenMalmö FF
46%
SerbiaRed Star Belgrade
46%
UkraineDynamo Kyiv
45%
AustriaRapid Vienna
42%
RussiaSpartak Moscow
38%
RomaniaSteaua Bucuresti
37%
GreeceOlympiacos
36%
CyprusAPOEL Nicosia
36%
EcuadorBarcelona Sporting Club
33%
Australia (A-league)FC Sydney
32%
MexicoClub America
31%
NorwayRosenborg
28%
ChileColo colo
24%
SwitzerlandGrasshopper
20%
HungaryFerencvaros
19%
FinlandHJK
19%
IrelandShamrock Rovers
16%
UruguayPenarol
16%
EgyptAl-Ahly
15%
Brasilia (Serie A)Palmeiras
15%
PolandWisla Krakow, Gornik Zabrze
14%
ParaguayOlimpia
12%
BoliviaBolivar
7%
ColombiaMillonarios
3%
South AfricaMamelodi Sundowns
3%
JapanTokyo Verdy
2%
PeruSporting Cristal
2%
South KoreaSeongnam Ilhwa Chunma
0%

Score Distribution

Percentile by Number Answered

Percent of People with Each Score

Your Score History

You have not taken this quiz since the last reset